[Event "Oberliga Nord O 1213"]
[Site "Germany"]
[Date "2012.10.17"]
[Round "1.1"]
[White "Strzemiecki, Zbigniew"]
[Black "Seils, Joerg"]
[Result "1-0"]
[WhiteElo "2434"]
[BlackElo "2337"]
[PlyCount "115"]
[EventDate "2012.10.17"]
[EventType "team-tourn"]
[EventRounds "9"]
[EventCountry "GER"]
[SourceTitle "EXT 2015"]
[Source "ChessBase"]
[SourceDate "2014.11.20"]
[SourceVersion "1"]
[SourceVersionDate "2014.11.20"]
[SourceQuality "1"]
[WhiteTeam "Berlin SF"]
[BlackTeam "Pankow Rotation"]
[WhiteTeamCountry "GER"]
[BlackTeamCountry "GER"]

1. e4 d5 2. exd5 Qxd5 3. Nc3 Qa5 4. d4 c6 5. Bc4 Nf6 6. Nf3 Bf5 7. Bd2 e6 8. Nd5 Qd8 9. Nxf6+ gxf6 10. Qe2 Be7 11. 0-0-0 Nd7 12. Nh4 Bg6 13. Rhe1 Nb6 14. Bxe6 fxe6 15. Nxg6 hxg6 16. Qxe6 Rf8 17. Bb4 Nd5 18. Ba3 Rf7 19. c4 Kf8 20. cxd5 Bxa3 21. bxa3 cxd5 22. Kb2 Rc8 23. Rc1 Rxc1 24. Rxc1 Qa5 25. Qd6+ Kg7 26. Qc5 Qd2+ 27. Rc2 Qg5 28. g3 b6 29. Qc8 Qh5 30. Qe6 Qf3 31. h4 b5 32. Qe2 Qf5 33. Rc6 Qd7 34. Re6 a5 35. g4 b4 36. axb4 Qa4 37. Qe1 axb4 38. Qe3 Qd1 39. f3 Qh1 40. Qf2 Qd1 41. Qe3 Qh1 42. Re7 Qxh4 43. Kb3 Qh1 44. Rxf7+ Kxf7 45. Kxb4 Qb1+ 46. Qb3 Qe1+ 47. Kc5 Qa5+ 48. Kd6 Qd8+ 49. Kc6 Ke6 50. Qe3+ Kf7 51. Qb3 Ke6 52. Qb7 Qd6+ 53. Kb5 Qf4 54. Qc6+ Ke7 55. Qxd5 Qd2 56. a4 Qb2+ 57. Ka6 Qe2+ 58. Ka7 1-0

[Event "BL2-Nord 1112"]
[Site "Germany"]
[Date "2012.02.26"]
[Round "7.2"]
[White "Orzech, Dominik"]
[Black "Seils, Joerg"]
[Result "0-1"]
[WhiteElo "2428"]
[BlackElo "2342"]
[PlyCount "114"]
[EventDate "2011.10.02"]
[EventType "team-tourn"]
[EventRounds "9"]
[EventCountry "GER"]
[SourceTitle "EXT 2015"]
[Source "ChessBase"]
[SourceDate "2014.11.20"]
[SourceVersion "1"]
[SourceVersionDate "2014.11.20"]
[SourceQuality "1"]
[WhiteTeam "Zehlendorf"]
[BlackTeam "Pankow Rotation"]
[WhiteTeamCountry "GER"]
[BlackTeamCountry "GER"]

1. Nf3 Nf6 2. c4 e6 3. Nc3 d5 4. d4 Be7 5. cxd5 exd5 6. Bg5 c6 7. Qc2 Nbd7 8. e3 0-0 9. Bd3 Re8 10. h3 Nf8 11. 0-0 Ne4 12. Bf4 Nd6 13. Rab1 Be6 14. Na4 g6 15. Nc5 Bc8 16. b4 a6 17. a4 b6 18. Nb3 Bb7 19. Rfc1 Ne6 20. Bh2 Rc8 21. Qe2 b5 22. Na5 Ba8 23. Bxd6 Bxd6 24. Qb2 f6 25. Rc3 Qe7 26. Bf1 Rc7 27. Ne1 Ng5 28. Nd3 Ne4 29. Rc2 Qg7 30. Rbc1 Rec8 31. Qa2 Kh8 32. Be2 Qe7 33. Qb3 Kg7 34. Bf3 Ng5 35. Nc5 Nxf3+ 36. gxf3 Ra7 37. Kg2 f5 38. Rh1 f4 39. h4 Re8 40. Re2 Qf6 41. Qd3 fxe3 42. fxe3 Rae7 43. Rh3 bxa4 44. Re1 Rb8 45. Nxa6 Rb5 46. Rb1 Bb7 47. Nxb7 Rexb7 48. Qa3 Qf5 49. Rb2 Kh8 50. Nc5 Ra7 51. Rh1 Rb8 52. Qc3 Re8 53. Rf2 a3 54. Ra1 g5 55. e4 dxe4 56. Nxe4 Bf4 57. hxg5 Bxg5 0-1

[Event "BL2-Nord 1112"]
[Site "Germany"]
[Date "2012.01.15"]
[Round "5.2"]
[White "Seils, Joerg"]
[Black "Van Delft, Merijn"]
[Result "1/2-1/2"]
[WhiteElo "2342"]
[BlackElo "2413"]
[PlyCount "38"]
[EventDate "2011.10.02"]
[EventType "team-tourn"]
[EventRounds "9"]
[EventCountry "GER"]
[SourceTitle "EXT 2015"]
[Source "ChessBase"]
[SourceDate "2014.11.20"]
[SourceVersion "1"]
[SourceVersionDate "2014.11.20"]
[SourceQuality "1"]
[WhiteTeam "Pankow Rotation"]
[BlackTeam "Hamburger SK II"]
[WhiteTeamCountry "GER"]
[BlackTeamCountry "GER"]

1. e4 c5 2. Nf3 d6 3. Bb5+ Nc6 4. 0-0 Bd7 5. Re1 Nf6 6. c3 a6 7. Bf1 Bg4 8. h3 Bxf3 9. Qxf3 g6 10. d3 Bg7 11. Be3 0-0 12. Nd2 Nd7 13. Qd1 b5 14. a3 Nb6 15. f4 e6 16. Nf3 Na4 17. Qd2 Rc8 18. Rab1 Re8 19. Kh1 Qd7 1/2-1/2

[Event "BL2-Nord 1112"]
[Site "Germany"]
[Date "2011.12.11"]
[Round "4.2"]
[White "Kesten, Sebastian"]
[Black "Seils, Joerg"]
[Result "1/2-1/2"]
[WhiteElo "2221"]
[BlackElo "2342"]
[PlyCount "87"]
[EventDate "2011.10.02"]
[EventType "team-tourn"]
[EventRounds "9"]
[EventCountry "GER"]
[SourceTitle "EXT 2015"]
[Source "ChessBase"]
[SourceDate "2014.11.20"]
[SourceVersion "1"]
[SourceVersionDate "2014.11.20"]
[SourceQuality "1"]
[WhiteTeam "Neukloster"]
[BlackTeam "Pankow Rotation"]
[WhiteTeamCountry "GER"]
[BlackTeamCountry "GER"]

1. d4 Nf6 2. Nf3 e6 3. g3 d5 4. Bg2 Be7 5. 0-0 0-0 6. c4 b6 7. cxd5 exd5 8. Nc3 Bb7 9. Bg5 Nbd7 10. Qb3 c6 11. Rac1 Re8 12. Rfd1 Nf8 13. Ne5 Ne6 14. Be3 Bd6 15. Nf3 Ng4 16. Bd2 Qf6 17. Be1 Rad8 18. h3 Nh6 19. e4 Bb8 20. e5 Qe7 21. Ne2 f6 22. Bd2 fxe5 23. Bxh6 gxh6 24. Nxe5 c5 25. Ng4 Qg7 26. Ne3 c4 27. Qb5 Qd7 28. Qxd7 Rxd7 29. Nc3 Red8 30. h4 a6 31. a4 Ba7 32. Bh3 Re7 33. Nf5 Ree8 34. Nxh6+ Kg7 35. Nf5+ Kf6 36. Ne3 Nc7 37. Nc2 b5 38. axb5 axb5 39. Re1 Bb6 40. Rxe8 Rxe8 41. Bd7 Re7 42. Bxb5 Nxb5 43. Nxb5 Re2 44. Kf1 1/2-1/2